<?xml version="1.0" encoding="UTF-8"?>
<record
    xmlns:xsi="http://www.w3.org/2001/XMLSchema-instance"
    xsi:schemaLocation="http://www.loc.gov/MARC21/slim http://www.loc.gov/standards/marcxml/schema/MARC21slim.xsd"
    xmlns="http://www.loc.gov/MARC21/slim">

  <leader>01237cam a22003134a 4500</leader>
  <controlfield tag="001">15616436</controlfield>
  <controlfield tag="005">20220326193343.0</controlfield>
  <controlfield tag="008">090109s2008    fr a     b    000 0dfre  </controlfield>
  <datafield tag="010" ind1=" " ind2=" ">
    <subfield code="a">  2009405570</subfield>
  </datafield>
  <datafield tag="035" ind1=" " ind2=" ">
    <subfield code="a">(FrPJT)JTL00239585</subfield>
  </datafield>
  <datafield tag="040" ind1=" " ind2=" ">
    <subfield code="a">DLC</subfield>
    <subfield code="c">DLC</subfield>
  </datafield>
  <datafield tag="082" ind1="0" ind2="4">
    <subfield code="a">701.18</subfield>
    <subfield code="b">B539e</subfield>
  </datafield>
  <datafield tag="100" ind1="1" ind2=" ">
    <subfield code="a">Berthet, Dominique,</subfield>
    <subfield code="d">1959-</subfield>
    <subfield code="9">4770</subfield>
  </datafield>
  <datafield tag="245" ind1="1" ind2="0">
    <subfield code="a">Ernest Breleur :</subfield>
    <subfield code="c">Dominique Berthet y Patrick Chamoiseau. </subfield>
    <subfield code="b">reconstitution d&#xB4;une tribu perdu /</subfield>
  </datafield>
  <datafield tag="260" ind1=" " ind2=" ">
    <subfield code="a">Paris :</subfield>
    <subfield code="b">Caradit Ediprint,</subfield>
    <subfield code="c">2003.</subfield>
  </datafield>
  <datafield tag="300" ind1=" " ind2=" ">
    <subfield code="a">60 p.</subfield>
    <subfield code="b">il. col.</subfield>
    <subfield code="c">20 cm.</subfield>
  </datafield>
  <datafield tag="504" ind1=" " ind2=" ">
    <subfield code="a">Includes bibliographical references (p. 191).</subfield>
  </datafield>
  <datafield tag="505" ind1=" " ind2=" ">
    <subfield code="t">L&#xB4;enver de la photographie </subfield>
    <subfield code="r">Jacques Leenhardt</subfield>
    <subfield code="t">Une  esth&#xE9;tique du corps</subfield>
    <subfield code="r">Dominique Berthet</subfield>
    <subfield code="t">Apercu Biographique </subfield>
    <subfield code="t">Expositions</subfield>
  </datafield>
  <datafield tag="600" ind1="1" ind2="0">
    <subfield code="a">Breleur, Ernest</subfield>
    <subfield code="x">Criticism and interpretation.</subfield>
    <subfield code="9">4771</subfield>
  </datafield>
  <datafield tag="650" ind1=" " ind2=" ">
    <subfield code="a">Filosofia - Teoria del arte</subfield>
    <subfield code="v">arte moderno </subfield>
    <subfield code="9">4772</subfield>
  </datafield>
  <datafield tag="653" ind1="1" ind2="0">
    <subfield code="a">Criticismo e interpretaci&#xF3;n</subfield>
  </datafield>
  <datafield tag="653" ind1=" " ind2=" ">
    <subfield code="a">Arte moderno </subfield>
  </datafield>
  <datafield tag="653" ind1=" " ind2=" ">
    <subfield code="a">Filosofia-Teor&#xED;a del arte</subfield>
  </datafield>
  <datafield tag="700" ind1="1" ind2=" ">
    <subfield code="a">Breleur, Ernest.</subfield>
    <subfield code="9">4773</subfield>
  </datafield>
  <datafield tag="700" ind1="1" ind2=" ">
    <subfield code="a"> Berthet, Dominique.</subfield>
    <subfield code="9">5263</subfield>
  </datafield>
  <datafield tag="700" ind1="1" ind2=" ">
    <subfield code="a">Chamoiseau, Patrick.</subfield>
    <subfield code="9">5265</subfield>
  </datafield>
  <datafield tag="906" ind1=" " ind2=" ">
    <subfield code="a">7</subfield>
    <subfield code="b">cbc</subfield>
    <subfield code="c">origres</subfield>
    <subfield code="d">3</subfield>
    <subfield code="e">ncip</subfield>
    <subfield code="f">20</subfield>
    <subfield code="g">y-gencatlg</subfield>
  </datafield>
  <datafield tag="999" ind1=" " ind2=" ">
    <subfield code="c">865</subfield>
    <subfield code="d">865</subfield>
  </datafield>
  <datafield tag="952" ind1=" " ind2=" ">
    <subfield code="0">0</subfield>
    <subfield code="1">0</subfield>
    <subfield code="2">ddc</subfield>
    <subfield code="4">0</subfield>
    <subfield code="7">0</subfield>
    <subfield code="a">LV</subfield>
    <subfield code="b">LV</subfield>
    <subfield code="c">Monograf&#xED;as</subfield>
    <subfield code="d">2016-02-24</subfield>
    <subfield code="l">0</subfield>
    <subfield code="o">701.18 B539e</subfield>
    <subfield code="p">000668</subfield>
    <subfield code="r">2016-02-24 00:00:00</subfield>
    <subfield code="w">2016-02-24</subfield>
    <subfield code="y">01</subfield>
  </datafield>
</record>
